Central Library OPAC University of Rajshahi

An introduction to modern philosophy in six philosophical problems / (Record no. 30965)

MARC details
000 -LEADER
fixed length control field 00677cam a22002291 4500
001 - CONTROL NUMBER
control field 30965
003 - CONTROL NUMBER IDENTIFIER
rucl marc code BD-RjUL
005 - DATE AND TIME OF LATEST TRANSACTION
control field 20211209051637.0
008 - FIXED-LENGTH DATA ELEMENTS--GENERAL INFORMATION
fixed length control field 140412s1943 nyu 000 0 eng
035 ## - SYSTEM CONTROL NUMBER
System control number (BD-RjUL)31052
040 ## - CATALOGING SOURCE
Original cataloging agency DLC
Transcribing agency DLC
Modifying agency DLC
-- BD-RjUL
Language of cataloging eng
041 ## - LANGUAGE CODE
Language code of text/sound track or separate title eng
082 ## - DEWEY DECIMAL CLASSIFICATION NUMBER
Classification number 190
Author mark and year CAI 1943
100 1# - MAIN ENTRY--PERSONAL NAME
Personal name Castell, Alburey,
Dates associated with a name 1904-1987.
9 (RLIN) 94101
245 13 - TITLE STATEMENT
Title An introduction to modern philosophy in six philosophical problems /
Statement of responsibility, etc. by Alburey Castell.
260 ## - PUBLICATION, DISTRIBUTION, ETC. (IMPRINT)
Place of publication, distribution, etc. New York :
Name of publisher, distributor, etc. Macmillan Co.,
Date of publication, distribution, etc. c1943.
300 ## - PHYSICAL DESCRIPTION
Pagination x p., 1 l., 562 p. ;
Size 22 cm.
650 #0 - SUBJECT ADDED ENTRY--TOPICAL TERM
Topical term or geographic name as entry element Philosophy, Modern.
9 (RLIN) 94102
942 ## - ADDED ENTRY ELEMENTS (KOHA)
Source of classification or shelving scheme Dewey Decimal Classification
Koha item type Books
Holdings
Lost status Source of classification or shelving scheme Damaged status Not for loan Permanent Location Current Location Shelving location Date acquired Source of acquisition Cost, normal purchase price Total Checkouts Full call number Date last seen Copy number Koha item type Collection code
  Dewey Decimal Classification   Not For Loan Central Library, University of Rajshahi Central Library, University of Rajshahi Reading Room 28/07/1976 N/A 0.00   190 CAI 1943 12/04/2014 C-1 Books  
  Dewey Decimal Classification   Not For Loan Central Library, University of Rajshahi Central Library, University of Rajshahi Reading Room 12/04/2014       190 CAI 1960 12/04/2014 C-1 Books Non-fiction